[Event "Deutsche Ländermeisterschaft 2023"]
[Site "Hannover GER"]
[Date "2023.10.04"]
[Round "6"]
[White "Farokhi, Keyvan"]
[Black "Nguyen, Alex Dac-Vuong"]
[Result "1/2-1/2"]
[Termination "normal"]
[Board "1.1"]
[WhiteTitle "FM"]
[BlackTitle "FM"]
[WhiteElo "2266"]
[BlackElo "2333"]
[WhiteClock "00:20:38"]
[BlackClock "00:04:49"]
[WhiteTeam "Schleswig-Holstein"]
[BlackTeam "Sachsen"]
[PlyCount "96"]
[WhiteFideId "12998630"]
[BlackFideId "12984388"]
[EventCountry "GER"]
[EventRounds "7"]
[EventType "team-swiss"]
[EventDate "2023.09.30"]

1. d4 {[%clk 01:30:56]} {[%emt 00:00:02]} Nf6 {[%clk 01:30:56]} {[%emt
00:00:05]} 2. c4 {[%clk 01:31:21]} {[%emt 00:00:04]} e6 {[%clk 01:31:23]}
{[%emt 00:00:03]} 3. Nf3 {[%clk 01:31:46]} {[%emt 00:00:05]} d5 {[%clk
01:31:49]} {[%emt 00:00:04]} 4. g3 {[%clk 01:32:09]} {[%emt 00:00:06]} Bb4+
{[%clk 01:32:15]} {[%emt 00:00:05]} 5. Nc3 {[%clk 01:32:30]} {[%emt 00:00:09]}
dxc4 {[%clk 01:29:17]} {[%emt 00:03:29]} 6. Bg2 {[%clk 01:32:39]} {[%emt
00:00:20]} O-O {[%clk 01:28:22]} {[%emt 00:01:26]} 7. O-O {[%clk 01:32:59]}
{[%emt 00:00:09]} c6 {[%clk 01:22:58]} {[%emt 00:05:55]} 8. Ne5 {[%clk
01:14:51]} {[%emt 00:18:37]} Nd5 {[%clk 01:22:39]} {[%emt 00:00:50]} 9. Qc2
{[%clk 01:08:00]} {[%emt 00:07:20]} b5 {[%clk 01:19:07]} {[%emt 00:04:03]} 10.
a4 {[%clk 01:07:51]} {[%emt 00:00:38]} f6 {[%clk 01:04:36]} {[%emt 00:15:02]}
11. Nf3 {[%clk 01:08:08]} {[%emt 00:00:13]} Qd7 {[%clk 01:04:14]} {[%emt
00:00:52]} 12. e4 {[%clk 01:01:59]} {[%emt 00:06:37]} Nxc3 {[%clk 01:00:27]}
{[%emt 00:04:19]} 13. bxc3 {[%clk 01:02:27]} {[%emt 00:00:02]} Be7 {[%clk
01:00:43]} {[%emt 00:00:13]} 14. Be3 {[%clk 00:58:11]} {[%emt 00:04:46]} Na6
{[%clk 00:51:50]} {[%emt 00:09:23]} 15. Nh4 {[%clk 00:55:55]} {[%emt 00:02:45]}
Nc7 {[%clk 00:46:26]} {[%emt 00:05:55]} 16. f4 {[%clk 00:55:12]} {[%emt
00:01:13]} f5 {[%clk 00:32:10]} {[%emt 00:14:47]} 17. Nf3 {[%clk 00:47:47]}
{[%emt 00:07:54]} Bb7 {[%clk 00:32:00]} {[%emt 00:00:41]} 18. Ne5 {[%clk
00:47:53]} {[%emt 00:00:22]} Qe8 {[%clk 00:20:22]} {[%emt 00:12:09]} 19. Rab1
{[%clk 00:42:58]} {[%emt 00:05:26]} Rb8 {[%clk 00:19:58]} {[%emt 00:00:54]} 20.
g4 {[%clk 00:41:45]} {[%emt 00:01:41]} g6 {[%clk 00:15:33]} {[%emt 00:04:56]}
21. Kh1 {[%clk 00:38:56]} {[%emt 00:03:18]} fxe4 {[%clk 00:14:00]} {[%emt
00:02:04]} 22. Bxe4 {[%clk 00:33:11]} {[%emt 00:06:13]} Nd5 {[%clk 00:14:25]}
{[%emt 00:00:06]} 23. Bxd5 {[%clk 00:32:25]} {[%emt 00:01:15]} exd5 {[%clk
00:14:51]} {[%emt 00:00:05]} 24. f5 {[%clk 00:32:02]} {[%emt 00:00:52]} g5
{[%clk 00:05:42]} {[%emt 00:09:41]} 25. h4 {[%clk 00:31:00]} {[%emt 00:01:28]}
gxh4 {[%clk 00:03:29]} {[%emt 00:02:46]} 26. g5 {[%clk 00:30:51]} {[%emt
00:00:37]} Bd6 {[%clk 00:03:51]} {[%emt 00:00:09]} 27. Rbe1 {[%clk 00:20:45]}
{[%emt 00:10:36]} b4 {[%clk 00:02:26]} {[%emt 00:01:56]} 28. g6 {[%clk
00:18:37]} {[%emt 00:02:37]} Bxe5 {[%clk 00:01:48]} {[%emt 00:01:08]} 29. gxh7+
{[%clk 00:18:05]} {[%emt 00:01:01]} Kxh7 {[%clk 00:02:11]} {[%emt 00:00:08]}
30. dxe5 {[%clk 00:18:20]} {[%emt 00:00:13]} d4 {[%clk 00:02:22]} {[%emt
00:00:21]} 31. cxd4 {[%clk 00:16:53]} {[%emt 00:01:56]} c5+ {[%clk 00:02:48]}
{[%emt 00:00:04]} 32. Kh2 {[%clk 00:17:13]} {[%emt 00:00:08]} cxd4 {[%clk
00:01:12]} {[%emt 00:02:08]} 33. Bxd4 {[%clk 00:16:04]} {[%emt 00:01:39]} Rg8
{[%clk 00:01:41]} {[%emt 00:00:01]} 34. Re4 {[%clk 00:10:47]} {[%emt 00:05:46]}
Qh5 {[%clk 00:01:04]} {[%emt 00:01:08]} 35. Rff4 {[%clk 00:10:38]} {[%emt
00:00:39]} Rg5 {[%clk 00:01:15]} {[%emt 00:00:19]} 36. Rxh4 {[%clk 00:09:42]}
{[%emt 00:01:24]} Rbg8 {[%clk 00:01:43]} {[%emt 00:00:04]} 37. Bf2 {[%clk
00:07:04]} {[%emt 00:03:08]} b3 {[%clk 00:00:38]} {[%emt 00:01:36]} 38. Qxc4
{[%clk 00:07:32]} {[%emt 00:00:02]} Bxe4 {[%clk 00:00:54]} {[%emt 00:00:14]}
39. Qxe4 {[%clk 00:06:01]} {[%emt 00:02:00]} b2 {[%clk 00:01:20]} {[%emt
00:00:04]} 40. Qb7+ {[%clk 00:04:05]} {[%emt 00:02:26]} Kh6 {[%clk 00:00:37]}
{[%emt 00:01:13]} 41. Bg3 {[%clk 00:29:55]} {[%emt 00:04:39]} Qxh4+ {[%clk
00:20:06]} {[%emt 00:11:02]} 42. Bxh4 {[%clk 00:30:04]} {[%emt 00:00:20]} Rg2+
{[%clk 00:20:09]} {[%emt 00:00:27]} 43. Kh3 {[%clk 00:30:22]} {[%emt 00:00:11]}
Rg1 {[%clk 00:20:32]} {[%emt 00:00:09]} 44. Qc6+ {[%clk 00:19:54]} {[%emt
00:10:58]} Kh7 {[%clk 00:16:03]} {[%emt 00:04:59]} 45. Qb7+ {[%clk 00:19:32]}
{[%emt 00:00:52]} Kh6 {[%clk 00:14:39]} {[%emt 00:01:55]} 46. Qc6+ {[%clk
00:19:51]} {[%emt 00:00:10]} Kh7 {[%clk 00:10:31]} {[%emt 00:04:38]} 47. Qb7+
{[%clk 00:20:15]} {[%emt 00:00:06]} R8g7 {[%clk 00:10:56]} {[%emt 00:00:06]}
48. Qf3 {[%clk 00:20:38]} {[%emt 00:00:06]} b1=Q {[%clk 00:04:49]} {[%emt
00:06:38]} 1/2-1/2

[Event "Deutsche Ländermeisterschaft 2023"]
[Site "Hannover GER"]
[Date "2023.10.04"]
[Round "6"]
[White "Heinrich, John"]
[Black "Bosselmann, Tom Linus"]
[Result "1-0"]
[Termination "normal"]
[Board "1.2"]
[WhiteElo "2280"]
[BlackElo "2141"]
[WhiteClock "00:06:14"]
[BlackClock "00:01:38"]
[WhiteTeam "Sachsen"]
[BlackTeam "Schleswig-Holstein"]
[PlyCount "77"]
[WhiteFideId "16259491"]
[BlackFideId "12983845"]
[EventCountry "GER"]
[EventRounds "7"]
[EventType "team-swiss"]
[EventDate "2023.09.30"]

1. e4 {[%clk 01:30:57]} {[%emt 00:00:02]} c5 {[%clk 01:30:55]} {[%emt
00:00:06]} 2. Nf3 {[%clk 01:30:58]} {[%emt 00:00:28]} d6 {[%clk 01:31:20]}
{[%emt 00:00:05]} 3. d4 {[%clk 01:31:13]} {[%emt 00:00:15]} cxd4 {[%clk
01:31:46]} {[%emt 00:00:05]} 4. Nxd4 {[%clk 01:31:32]} {[%emt 00:00:10]} Nf6
{[%clk 01:32:11]} {[%emt 00:00:05]} 5. Nc3 {[%clk 01:31:55]} {[%emt 00:00:07]}
Nc6 {[%clk 01:32:37]} {[%emt 00:00:05]} 6. Bg5 {[%clk 01:30:41]} {[%emt
00:01:44]} e6 {[%clk 01:33:01]} {[%emt 00:00:06]} 7. Qd2 {[%clk 01:29:33]}
{[%emt 00:01:38]} a6 {[%clk 01:33:15]} {[%emt 00:00:16]} 8. O-O-O {[%clk
01:26:02]} {[%emt 00:04:00]} Bd7 {[%clk 01:33:40]} {[%emt 00:00:05]} 9. f3
{[%clk 01:22:07]} {[%emt 00:04:24]} Be7 {[%clk 01:33:20]} {[%emt 00:00:50]} 10.
h4 {[%clk 01:19:28]} {[%emt 00:03:09]} Nxd4 {[%clk 01:26:50]} {[%emt 00:06:59]}
11. Qxd4 {[%clk 01:19:51]} {[%emt 00:00:07]} Qc7 {[%clk 01:26:56]} {[%emt
00:00:24]} 12. Kb1 {[%clk 01:14:17]} {[%emt 00:06:04]} b5 {[%clk 01:24:20]}
{[%emt 00:03:06]} 13. Bd3 {[%clk 00:57:53]} {[%emt 00:16:54]} O-O {[%clk
00:59:17]} {[%emt 00:25:33]} 14. g4 {[%clk 00:51:31]} {[%emt 00:06:51]} b4
{[%clk 00:55:31]} {[%emt 00:04:15]} 15. Ne2 {[%clk 00:50:38]} {[%emt 00:01:22]}
Rfc8 {[%clk 00:48:40]} {[%emt 00:07:22]} 16. h5 {[%clk 00:41:56]} {[%emt
00:09:12]} Qa5 {[%clk 00:36:48]} {[%emt 00:12:22]} 17. Bd2 {[%clk 00:40:28]}
{[%emt 00:01:58]} Rab8 {[%clk 00:31:10]} {[%emt 00:06:09]} 18. g5 {[%clk
00:36:45]} {[%emt 00:04:12]} e5 {[%clk 00:28:57]} {[%emt 00:02:44]} 19. Qf2
{[%clk 00:28:43]} {[%emt 00:08:32]} Be6 {[%clk 00:28:40]} {[%emt 00:00:47]} 20.
b3 {[%clk 00:27:06]} {[%emt 00:02:07]} Nd7 {[%clk 00:29:06]} {[%emt 00:00:04]}
21. g6 {[%clk 00:25:13]} {[%emt 00:02:22]} fxg6 {[%clk 00:27:05]} {[%emt
00:02:32]} 22. hxg6 {[%clk 00:24:43]} {[%emt 00:01:00]} h6 {[%clk 00:27:27]}
{[%emt 00:00:06]} 23. Bxh6 {[%clk 00:21:06]} {[%emt 00:04:09]} gxh6 {[%clk
00:21:33]} {[%emt 00:06:24]} 24. Rxh6 {[%clk 00:21:34]} {[%emt 00:00:02]} Bf6
{[%clk 00:18:54]} {[%emt 00:03:10]} 25. Rdh1 {[%clk 00:20:40]} {[%emt
00:01:23]} Kf8 {[%clk 00:17:34]} {[%emt 00:01:50]} 26. Qh2 {[%clk 00:13:35]}
{[%emt 00:07:36]} Ke7 {[%clk 00:17:03]} {[%emt 00:01:01]} 27. g7 {[%clk
00:11:52]} {[%emt 00:02:12]} Rg8 {[%clk 00:16:13]} {[%emt 00:01:19]} 28. Ng3
{[%clk 00:10:39]} {[%emt 00:01:44]} Qc5 {[%clk 00:11:06]} {[%emt 00:05:37]} 29.
Nh5 {[%clk 00:10:09]} {[%emt 00:01:00]} Qe3 {[%clk 00:11:18]} {[%emt 00:00:17]}
30. f4 {[%clk 00:07:06]} {[%emt 00:03:33]} exf4 {[%clk 00:07:30]} {[%emt
00:04:19]} 31. Nxf6 {[%clk 00:07:07]} {[%emt 00:00:29]} Nxf6 {[%clk 00:07:46]}
{[%emt 00:00:14]} 32. Qh4 {[%clk 00:07:17]} {[%emt 00:00:19]} Qd4 {[%clk
00:07:53]} {[%emt 00:00:24]} 33. e5 {[%clk 00:07:27]} {[%emt 00:00:21]} Qxe5
{[%clk 00:07:56]} {[%emt 00:00:26]} 34. Re1 {[%clk 00:07:45]} {[%emt 00:00:12]}
Qc3 {[%clk 00:07:16]} {[%emt 00:01:10]} 35. Bf5 {[%clk 00:07:34]} {[%emt
00:00:42]} Kd8 {[%clk 00:02:05]} {[%emt 00:05:41]} 36. Bxe6 {[%clk 00:06:13]}
{[%emt 00:01:51]} Rxg7 {[%clk 00:01:34]} {[%emt 00:01:02]} 37. Qxf6+ {[%clk
00:05:41]} {[%emt 00:01:02]} Qxf6 {[%clk 00:01:41]} {[%emt 00:00:22]} 38. Rxf6
{[%clk 00:06:05]} {[%emt 00:00:06]} Kc7 {[%clk 00:01:38]} {[%emt 00:00:33]} 39.
Rxf4 {[%clk 00:06:14]} {[%emt 00:00:21]} 1-0

[Event "Deutsche Ländermeisterschaft 2023"]
[Site "Hannover GER"]
[Date "2023.10.04"]
[Round "6"]
[White "Malinowsky, Levi"]
[Black "Lutz, Ruben"]
[Result "0-1"]
[Termination "normal"]
[Board "1.3"]
[WhiteElo "2151"]
[BlackElo "2218"]
[WhiteClock "00:44:06"]
[BlackClock "00:25:53"]
[WhiteTeam "Schleswig-Holstein"]
[BlackTeam "Sachsen"]
[PlyCount "114"]
[WhiteFideId "16253094"]
[BlackFideId "12975974"]
[EventCountry "GER"]
[EventRounds "7"]
[EventType "team-swiss"]
[EventDate "2023.09.30"]

1. e4 {[%clk 01:30:57]} {[%emt 00:00:03]} c6 {[%clk 01:30:55]} {[%emt
00:00:05]} 2. Nf3 {[%clk 01:31:04]} {[%emt 00:00:23]} d5 {[%clk 01:31:20]}
{[%emt 00:00:05]} 3. Nc3 {[%clk 01:31:29]} {[%emt 00:00:05]} Nf6 {[%clk
01:31:46]} {[%emt 00:00:05]} 4. e5 {[%clk 01:29:12]} {[%emt 00:02:46]} Ne4
{[%clk 01:32:11]} {[%emt 00:00:05]} 5. Qe2 {[%clk 01:28:17]} {[%emt 00:01:25]}
Nxc3 {[%clk 01:32:04]} {[%emt 00:00:37]} 6. dxc3 {[%clk 01:28:00]} {[%emt
00:00:47]} e6 {[%clk 01:29:10]} {[%emt 00:03:25]} 7. Bf4 {[%clk 01:24:12]}
{[%emt 00:04:17]} Qa5 {[%clk 01:23:47]} {[%emt 00:05:53]} 8. Qd2 {[%clk
01:19:19]} {[%emt 00:05:24]} c5 {[%clk 01:06:31]} {[%emt 00:17:45]} 9. Bd3
{[%clk 01:13:26]} {[%emt 00:06:23]} Bd7 {[%clk 01:01:54]} {[%emt 00:05:07]} 10.
O-O {[%clk 01:09:58]} {[%emt 00:03:58]} Nc6 {[%clk 00:59:38]} {[%emt 00:02:46]}
11. Qd1 {[%clk 01:02:55]} {[%emt 00:07:34]} Be7 {[%clk 00:53:24]} {[%emt
00:06:43]} 12. c4 {[%clk 01:00:23]} {[%emt 00:03:02]} d4 {[%clk 00:51:25]}
{[%emt 00:02:29]} 13. a3 {[%clk 00:58:17]} {[%emt 00:02:36]} Qc7 {[%clk
00:49:52]} {[%emt 00:02:02]} 14. Re1 {[%clk 00:55:14]} {[%emt 00:03:33]} h6
{[%clk 00:48:21]} {[%emt 00:02:02]} 15. Nd2 {[%clk 00:53:30]} {[%emt 00:02:13]}
g5 {[%clk 00:41:02]} {[%emt 00:07:49]} 16. Bg3 {[%clk 00:53:43]} {[%emt
00:00:18]} h5 {[%clk 00:40:05]} {[%emt 00:01:28]} 17. h3 {[%clk 00:52:41]}
{[%emt 00:01:31]} O-O-O {[%clk 00:39:03]} {[%emt 00:01:31]} 18. Ne4 {[%clk
00:49:06]} {[%emt 00:04:06]} Kb8 {[%clk 00:36:03]} {[%emt 00:03:30]} 19. Nf6
{[%clk 00:43:24]} {[%emt 00:06:12]} h4 {[%clk 00:30:00]} {[%emt 00:06:33]} 20.
Bh2 {[%clk 00:43:23]} {[%emt 00:00:31]} Ka8 {[%clk 00:29:24]} {[%emt 00:01:06]}
21. Nd5 {[%clk 00:40:20]} {[%emt 00:03:33]} exd5 {[%clk 00:21:29]} {[%emt
00:08:25]} 22. cxd5 {[%clk 00:40:18]} {[%emt 00:00:31]} Qc8 {[%clk 00:21:18]}
{[%emt 00:00:41]} 23. dxc6 {[%clk 00:40:07]} {[%emt 00:00:41]} Bxc6 {[%clk
00:21:15]} {[%emt 00:00:34]} 24. Be4 {[%clk 00:38:49]} {[%emt 00:01:47]} Bxe4
{[%clk 00:18:31]} {[%emt 00:03:14]} 25. Rxe4 {[%clk 00:39:17]} {[%emt
00:00:03]} Qe6 {[%clk 00:18:40]} {[%emt 00:00:20]} 26. Qf3 {[%clk 00:34:51]}
{[%emt 00:04:56]} Rd7 {[%clk 00:15:17]} {[%emt 00:03:54]} 27. Qg4 {[%clk
00:31:00]} {[%emt 00:04:21]} Rhd8 {[%clk 00:14:17]} {[%emt 00:01:29]} 28. Qxe6
{[%clk 00:29:04]} {[%emt 00:02:27]} fxe6 {[%clk 00:14:45]} {[%emt 00:00:02]}
29. Rd1 {[%clk 00:28:34]} {[%emt 00:00:59]} c4 {[%clk 00:14:23]} {[%emt
00:00:53]} 30. f4 {[%clk 00:27:56]} {[%emt 00:01:08]} b5 {[%clk 00:11:48]}
{[%emt 00:03:05]} 31. Kf2 {[%clk 00:26:24]} {[%emt 00:02:02]} Kb7 {[%clk
00:10:12]} {[%emt 00:02:05]} 32. Kf3 {[%clk 00:22:03]} {[%emt 00:04:51]} d3
{[%clk 00:06:43]} {[%emt 00:03:59]} 33. cxd3 {[%clk 00:18:34]} {[%emt
00:03:59]} Rxd3+ {[%clk 00:06:13]} {[%emt 00:01:01]} 34. Rxd3 {[%clk 00:18:51]}
{[%emt 00:00:12]} Rxd3+ {[%clk 00:04:52]} {[%emt 00:01:51]} 35. Re3 {[%clk
00:18:15]} {[%emt 00:01:06]} Rd2 {[%clk 00:03:08]} {[%emt 00:02:14]} 36. b3
{[%clk 00:15:34]} {[%emt 00:03:12]} Bc5 {[%clk 00:02:34]} {[%emt 00:01:03]} 37.
Rc3 {[%clk 00:14:49]} {[%emt 00:01:15]} Rf2+ {[%clk 00:01:39]} {[%emt
00:01:25]} 38. Ke4 {[%clk 00:15:02]} {[%emt 00:00:17]} Re2+ {[%clk 00:01:48]}
{[%emt 00:00:21]} 39. Kf3 {[%clk 00:15:24]} {[%emt 00:00:08]} Rf2+ {[%clk
00:02:13]} {[%emt 00:00:06]} 40. Ke4 {[%clk 00:15:50]} {[%emt 00:00:04]} Rxg2
{[%clk 00:02:02]} {[%emt 00:00:40]} 41. bxc4 {[%clk 00:15:02]} {[%emt
00:01:18]} Re2+ {[%clk 00:30:10]} {[%emt 00:02:22]} 42. Kf3 {[%clk 00:44:56]}
{[%emt 00:00:36]} Rxh2 {[%clk 00:30:34]} {[%emt 00:00:06]} 43. Kg4 {[%clk
00:43:56]} {[%emt 00:01:30]} Rg2+ {[%clk 00:30:59]} {[%emt 00:00:05]} 44. Kh5
{[%clk 00:44:19]} {[%emt 00:00:07]} gxf4 {[%clk 00:30:30]} {[%emt 00:00:59]}
45. cxb5 {[%clk 00:44:32]} {[%emt 00:00:17]} Bd4 {[%clk 00:30:04]} {[%emt
00:00:56]} 46. Rd3 {[%clk 00:44:46]} {[%emt 00:00:16]} Bxe5 {[%clk 00:30:15]}
{[%emt 00:00:19]} 47. Kxh4 {[%clk 00:45:05]} {[%emt 00:00:11]} Rg3 {[%clk
00:29:06]} {[%emt 00:01:39]} 48. Rd7+ {[%clk 00:45:21]} {[%emt 00:00:14]} Kb6
{[%clk 00:29:30]} {[%emt 00:00:06]} 49. a4 {[%clk 00:45:37]} {[%emt 00:00:13]}
Rg7 {[%clk 00:26:07]} {[%emt 00:03:53]} 50. Rd3 {[%clk 00:45:46]} {[%emt
00:00:21]} Ka5 {[%clk 00:26:22]} {[%emt 00:00:15]} 51. Kh5 {[%clk 00:45:52]}
{[%emt 00:00:24]} Kxa4 {[%clk 00:26:17]} {[%emt 00:00:35]} 52. h4 {[%clk
00:46:17]} {[%emt 00:00:06]} Kxb5 {[%clk 00:25:39]} {[%emt 00:01:07]} 53. Kh6
{[%clk 00:46:35]} {[%emt 00:00:12]} Rf7 {[%clk 00:25:28]} {[%emt 00:00:41]} 54.
Kg6 {[%clk 00:46:42]} {[%emt 00:00:24]} Rf6+ {[%clk 00:25:50]} {[%emt
00:00:08]} 55. Kg5 {[%clk 00:47:05]} {[%emt 00:00:07]} f3 {[%clk 00:25:28]}
{[%emt 00:00:52]} 56. Kh5 {[%clk 00:43:43]} {[%emt 00:03:52]} Rf5 {[%clk
00:25:29]} {[%emt 00:00:28]} 57. Kg4 {[%clk 00:44:06]} {[%emt 00:00:07]} f2
{[%clk 00:25:53]} {[%emt 00:00:07]} 0-1

[Event "Deutsche Ländermeisterschaft 2023"]
[Site "Hannover GER"]
[Date "2023.10.04"]
[Round "6"]
[White "Bräutigam, Katerina"]
[Black "Herrmann, Arthur"]
[Result "1/2-1/2"]
[Termination "normal"]
[Board "1.5"]
[WhiteElo "1880"]
[BlackElo "1930"]
[WhiteClock "00:01:58"]
[BlackClock "00:24:08"]
[WhiteTeam "Schleswig-Holstein"]
[BlackTeam "Sachsen"]
[PlyCount "104"]
[WhiteFideId "16242980"]
[BlackFideId "16287150"]
[EventCountry "GER"]
[EventRounds "7"]
[EventType "team-swiss"]
[EventDate "2023.09.30"]

1. e4 {[%clk 01:30:57]} {[%emt 00:00:02]} c6 {[%clk 01:30:57]} {[%emt
00:00:04]} 2. d4 {[%clk 01:31:20]} {[%emt 00:00:08]} d5 {[%clk 01:31:23]}
{[%emt 00:00:03]} 3. e5 {[%clk 01:31:42]} {[%emt 00:00:08]} c5 {[%clk
01:31:48]} {[%emt 00:00:05]} 4. Nf3 {[%clk 01:32:04]} {[%emt 00:00:07]} Nc6
{[%clk 01:31:48]} {[%emt 00:00:30]} 5. dxc5 {[%clk 01:32:19]} {[%emt 00:00:16]}
Bg4 {[%clk 01:29:01]} {[%emt 00:03:17]} 6. c3 {[%clk 01:31:53]} {[%emt
00:00:55]} e6 {[%clk 01:26:15]} {[%emt 00:03:16]} 7. Be3 {[%clk 01:31:10]}
{[%emt 00:01:13]} Nge7 {[%clk 01:18:54]} {[%emt 00:07:51]} 8. Bd4 {[%clk
01:25:55]} {[%emt 00:05:45]} Ng6 {[%clk 01:11:48]} {[%emt 00:07:36]} 9. Nbd2
{[%clk 01:12:35]} {[%emt 00:13:50]} f6 {[%clk 00:47:45]} {[%emt 00:24:34]} 10.
Qb3 {[%clk 00:46:35]} {[%emt 00:26:29]} Bxf3 {[%clk 00:38:17]} {[%emt
00:09:59]} 11. Nxf3 {[%clk 00:43:31]} {[%emt 00:03:34]} Ngxe5 {[%clk 00:36:12]}
{[%emt 00:02:34]} 12. Nxe5 {[%clk 00:37:18]} {[%emt 00:06:43]} fxe5 {[%clk
00:35:18]} {[%emt 00:01:25]} 13. Qxb7 {[%clk 00:34:50]} {[%emt 00:02:58]} Qc8
{[%clk 00:34:32]} {[%emt 00:01:15]} 14. Ba6 {[%clk 00:32:51]} {[%emt 00:02:30]}
Qxb7 {[%clk 00:31:59]} {[%emt 00:03:03]} 15. Bxb7 {[%clk 00:32:50]} {[%emt
00:00:31]} Nxd4 {[%clk 00:32:22]} {[%emt 00:00:07]} 16. cxd4 {[%clk 00:21:25]}
{[%emt 00:11:54]} Rb8 {[%clk 00:31:14]} {[%emt 00:01:38]} 17. c6 {[%clk
00:21:09]} {[%emt 00:00:47]} Bd6 {[%clk 00:30:22]} {[%emt 00:01:21]} 18. dxe5
{[%clk 00:17:50]} {[%emt 00:03:49]} Bxe5 {[%clk 00:30:37]} {[%emt 00:00:15]}
19. Rb1 {[%clk 00:17:21]} {[%emt 00:00:59]} Kd8 {[%clk 00:29:09]} {[%emt
00:01:58]} 20. Ke2 {[%clk 00:16:57]} {[%emt 00:00:54]} Kc7 {[%clk 00:28:39]}
{[%emt 00:01:00]} 21. b4 {[%clk 00:09:09]} {[%emt 00:08:19]} Rhf8 {[%clk
00:25:44]} {[%emt 00:03:24]} 22. Rb3 {[%clk 00:04:43]} {[%emt 00:04:56]} Rbe8
{[%clk 00:23:48]} {[%emt 00:02:24]} 23. Rd1 {[%clk 00:03:16]} {[%emt 00:02:00]}
Rf4 {[%clk 00:22:27]} {[%emt 00:01:51]} 24. g3 {[%clk 00:01:07]} {[%emt
00:02:40]} Rc4 {[%clk 00:21:43]} {[%emt 00:01:11]} 25. f4 {[%clk 00:00:34]}
{[%emt 00:01:06]} Bd6 {[%clk 00:21:19]} {[%emt 00:00:53]} 26. a3 {[%clk
00:00:43]} {[%emt 00:00:21]} h5 {[%clk 00:19:05]} {[%emt 00:02:44]} 27. Re3
{[%clk 00:00:57]} {[%emt 00:00:15]} Re7 {[%clk 00:16:21]} {[%emt 00:03:14]} 28.
f5 {[%clk 00:00:58]} {[%emt 00:00:30]} Rc2+ {[%clk 00:12:54]} {[%emt 00:03:55]}
29. Kd3 {[%clk 00:00:41]} {[%emt 00:00:48]} Rxh2 {[%clk 00:11:41]} {[%emt
00:01:43]} 30. fxe6 {[%clk 00:00:59]} {[%emt 00:00:13]} Rg2 {[%clk 00:11:09]}
{[%emt 00:01:01]} 31. Kd4 {[%clk 00:00:47]} {[%emt 00:00:43]} Rxg3 {[%clk
00:11:08]} {[%emt 00:00:31]} 32. Rxg3 {[%clk 00:00:56]} {[%emt 00:00:21]} Bxg3
{[%clk 00:11:32]} {[%emt 00:00:06]} 33. Kxd5 {[%clk 00:01:07]} {[%emt
00:00:19]} h4 {[%clk 00:09:44]} {[%emt 00:02:19]} 34. Kc5 {[%clk 00:01:01]}
{[%emt 00:00:36]} Bf2+ {[%clk 00:07:21]} {[%emt 00:02:52]} 35. Kd5 {[%clk
00:01:25]} {[%emt 00:00:06]} g5 {[%clk 00:07:00]} {[%emt 00:00:51]} 36. Rf1
{[%clk 00:01:19]} {[%emt 00:00:36]} Bg3 {[%clk 00:06:53]} {[%emt 00:00:37]} 37.
Rf7 {[%clk 00:01:34]} {[%emt 00:00:16]} Rxf7 {[%clk 00:03:14]} {[%emt
00:04:09]} 38. exf7 {[%clk 00:02:03]} {[%emt 00:00:01]} Bd6 {[%clk 00:03:32]}
{[%emt 00:00:11]} 39. Ba6 {[%clk 00:02:20]} {[%emt 00:00:13]} g4 {[%clk
00:02:08]} {[%emt 00:01:54]} 40. Be2 {[%clk 00:01:37]} {[%emt 00:01:13]} g3
{[%clk 00:02:08]} {[%emt 00:00:30]} 41. Bf1 {[%clk 00:01:11]} {[%emt 00:00:56]}
Bf8 {[%clk 00:30:02]} {[%emt 00:02:35]} 42. Bg2 {[%clk 00:16:40]} {[%emt
00:15:02]} Be7 {[%clk 00:27:42]} {[%emt 00:02:50]} 43. Ke6 {[%clk 00:06:06]}
{[%emt 00:11:05]} Bd6 {[%clk 00:26:02]} {[%emt 00:02:09]} 44. Kf6 {[%clk
00:03:25]} {[%emt 00:03:11]} h3 {[%clk 00:24:54]} {[%emt 00:01:38]} 45. Bxh3
{[%clk 00:03:28]} {[%emt 00:00:27]} Kxc6 {[%clk 00:25:17]} {[%emt 00:00:07]}
46. Bf1 {[%clk 00:02:49]} {[%emt 00:01:09]} Kb6 {[%clk 00:22:33]} {[%emt
00:03:13]} 47. Kg7 {[%clk 00:00:45]} {[%emt 00:02:35]} a5 {[%clk 00:22:33]}
{[%emt 00:00:29]} 48. f8=Q {[%emt 00:00:25]} Bxf8+ {[%clk 00:22:57]} {[%emt
00:00:04]} 49. Kxf8 {[%clk 00:01:10]} {[%emt 00:00:12]} axb4 {[%clk 00:23:18]}
{[%emt 00:00:08]} 50. axb4 {[%clk 00:01:27]} {[%emt 00:00:14]} g2 {[%clk
00:23:44]} {[%emt 00:00:05]} 51. Bxg2 {[%clk 00:01:44]} {[%emt 00:00:13]} Kb5
{[%clk 00:24:08]} {[%emt 00:00:05]} 52. Ke7 {[%clk 00:01:58]} {[%emt 00:00:16]}
Kxb4 {[%emt 00:00:08]} 1/2-1/2